书目信息 |
| 题名: |
时政新概念学习手册
|
|
| 作者: | 徐贵相 | |
| 分册: | ||
| 出版信息: | 南宁 广西人民出版社 2002 |
|
| 页数: | 397 | |
| 开本: | 18cm | |
| 丛书名: | ||
| 单 册: | ||
| 中图分类: | D0-61 | |
| 科图分类: | ||
| 主题词: | 政治理论 | |
| 电子资源: | ||
| ISBN: | 7-219-04591-3 | |
| 000 | 00514nam0 2200181 450 | |
| 001 | 0760515518 | |
| 005 | 20070817164835.51 | |
| 010 | @a7-219-04591-3@d¥16.00 | |
| 100 | @a20070817d km y0chiy0120 ea | |
| 101 | 0 | @achi |
| 200 | 1 | @a时政新概念学习手册@Ashi zheng xin gai nian xue xi shou ce@f徐贵相@Fxu gui xiang |
| 210 | @a南宁@c广西人民出版社@d2002 | |
| 215 | @a397@d18cm | |
| 606 | 0 | @a政治理论 |
| 690 | @aD0-61@v3 | |
| 701 | 0 | @a徐贵相@Axu gui xiang |
| 801 | 0 | @aCN@bPFT@c20070817 |
| 905 | @a213230@dD0-61@eg3@f1 | |
| 时政新概念学习手册/徐贵相.-南宁:广西人民出版社,2002 |
| 397;18cm |
| ISBN 7-219-04591-3:¥16.00 |
| ● |
| 相关链接 |
|
|
|
|
正题名:时政新概念学习手册
索取号:D0-61/g3
 
预约/预借
| 序号 | 登录号 | 条形码 | 馆藏地/架位号 | 状态 | 备注 |
| 1 | 6500357 | 265003578 | 密集书库-海洋学院/ [索取号:D0-61/g3] | 在馆 |